| 000 | 00515nam a2200169 i 4500 | ||
|---|---|---|---|
| 001 | 104609 | ||
| 003 | ES-MaACL | ||
| 005 | 20250811062533.0 | ||
| 007 | t| | ||
| 008 | 051202s1978 sp ||||1| spa d | ||
| 110 | 1 |
_aEspaña. _bMinisterio de Cultura _93850 |
|
| 245 | 1 | 3 |
_aLa realidad cultural de España / _cMinisterio de Cultura. |
| 260 |
_aMadrid : _bGabinete de Estadística e Informática, _c1978. |
||
| 300 |
_a96 p. : _bil. ; _c26 cm. |
||
| 852 |
_aES-MaACL _jA-9239 _bR.98470 |
||
| 999 |
_c104609 _d104609 |
||